• 首页
  • 本馆介绍
  • 公告通知
  • 最新文献
  • 馆藏检索
  • 电子资源
  • 读者导购
  • 参考咨询
  • 我的图书馆
  • 登录
  • 详细信息显示
  • 放入我的书架
  • 预约/预借图书
  • 作者相关作品
  • 分类相关作品
  • 丛书相关作品
  • 出版社相关作品

书目信息

  • 表格格式
  • 工作单格式
  • 卡片格式
题名:
高校图书情报事业发展战略研讨会文集
    
 
作者: ;全国高等学校图书馆工作委员会秘书处 编
分册:  
出版信息: 大连   大连工学院出版社  1987.6
页数: 440页
开本: 20厘米
丛书名:
单 册:
中图分类: G258.6
科图分类:
主题词: 院校图书馆-图书馆工作--中国--文集 , 图书馆工作-院校图书馆--中国--文集
电子资源:
ISBN: 7-5611-0023-X
000 01003nam0 2200241 45
001 0188003874
005 20060810105802.31
010    @a7-5611-0023-X@dCNY3.00
020    @aCN@b88003874
100    @a19910411d1987 km y0chiy0120 ea
101 0  @achi
102    @aCN@b210000
105    @ay m 000yy
200 10 @a高校图书情报事业发展战略研讨会文集@Agao xiao tu shu qing bao shi ye fa zhan zhan lue yan tao hui wen ji@f全国高等学校图书馆工作委员会秘书处编@Fquan guo gao deng xue xiao tu shu guan gong zuo wei yuan hui mi shu chu bian
210    @a大连@c大连工学院出版社@d1987.6
215    @a440页@d20厘米
540 1  @a高校 图书情报 事业 发展@Agao xiao tu shu qing bao shi ye fa zhan
606    @a院校图书馆-图书馆工作@y中国@x文集
606    @a图书馆工作-院校图书馆@y中国@x文集
690    @aG258.6@v1980
711 02 @a全国高等学校图书馆工作委员会秘书处@Aquan guo gao deng xue xiao tu shu guan gong zuo wei yuan hui mi shu chu@4编
801  0 @aCN@bTSSF@c20060810
905    @a10447@dG258.6@e24
    
    高校图书情报事业发展战略研讨会文集/全国高等学校图书馆工作委员会秘书处编.-大连:大连工学院出版社,1987.6
    440页;20厘米
    
    
    ISBN 7-5611-0023-X:CNY3.00
    
●
相关链接 在E读中查询图书 在五车中查询图书 在当当中查询图书 在豆瓣中查询图书


正题名:高校图书情报事业发展战略研讨会文集     索取号:G258.6/24         预约/预借

序号 登录号 条形码 馆藏地/架位号 状态 备注
1 0448393   204483932   密集书库/ [索取号:G258.6/24] 在馆    
2 0449963   204499630   密集书库/ [索取号:G258.6/24] 在馆    
3 0449992   204499925   密集书库/ [索取号:G258.6/24] 在馆    
唐山师范学院图书馆 欢迎您!
大连网信软件有限公司© 版权所有